[Event "4NCL Online Division 5"]
[Site "online"]
[Date "2020.04.07"]
[Round "1.201"]
[White "Demjan, Denisz"]
[Black "Knight, David"]
[Result "0-1"]
[WhiteElo "1277"]
[BlackElo "1735"]
[PlyCount "126"]
[EventDate "2020.04.07"]
[WhiteTeam "Watford Juniors B"]
[BlackTeam "Uxbridge Knights"]

1. e4 c5 2. Nf3 d6 3. c3 Nc6 4. Bb5 Bd7 5. h3 Nf6 6. d3 e5 7. Bg5 Be7 8. Nbd2
a6 9. Bxc6 Bxc6 10. Nh4 h6 11. Be3 Nxe4 12. dxe4 Bxh4 13. Nc4 Be7 14. Qd3 b5
15. Nd2 Qc7 16. O-O Rd8 17. c4 O-O 18. b3 bxc4 19. Nxc4 d5 20. exd5 Bxd5 21.
Qc3 Bf6 22. Qa5 Qxa5 23. Nxa5 Rc8 24. Rac1 Be7 25. Nc4 Bxc4 26. Rxc4 Rc6 27. b4
Rfc8 28. Rfc1 f5 29. Bxc5 Bg5 30. R1c2 Kf7 31. Re2 e4 32. g3 Be7 33. Rec2 Ke6
34. Kg2 Bxc5 35. Rxc5 Rxc5 36. Rxc5 Rxc5 37. bxc5 Kd5 38. f4 Kxc5 39. Kf2 Kc4
40. Ke3 a5 41. g4 g6 42. h4 fxg4 43. Kxe4 h5 44. f5 gxf5+ 45. Kxf5 g3 46. Kg5
g2 47. Kxh5 g1=Q 48. Kh6 Qg8 49. h5 Qh8+ 50. Kg6 a4 51. h6 a3 52. Kh5 Kc3 53.
Kg6 Kb2 54. Kg5 Kxa2 55. Kg6 Kb2 56. h7 a2 57. Kh6 a1=Q 58. Kg6 Qa6+ 59. Kg5
Qxh7 60. Kf4 Qe7 61. Kf5 Qaf6+ 62. Kg4 Qeg7+ 63. Kh5 Qfh6# 0-1

[Event "4NCL Online Division 5"]
[Site "online"]
[Date "2020.04.07"]
[Round "1.202"]
[White "Knight, Daniel"]
[Black "George, Seb"]
[Result "1-0"]
[WhiteElo "1697"]
[BlackElo "1187"]
[PlyCount "69"]
[EventDate "2020.04.07"]
[WhiteTeam "Uxbridge Knights"]
[BlackTeam "Watford Juniors B"]

1. d4 d5 2. Bf4 Bf5 3. e3 Nf6 4. Nf3 Nc6 5. c3 e6 6. Be2 Bd6 7. Bg3 Bxg3 8.
hxg3 Qd6 9. Nbd2 Ne4 10. Nxe4 Bxe4 11. Bd3 Bxd3 12. Qxd3 f5 13. Qb5 O-O-O 14.
Ng5 Rd7 15. Rxh7 Rxh7 16. Nxh7 a6 17. Qe2 Rd8 18. Ng5 Rh8 19. Nf7 Rh1+ 20. Kd2
Rxa1 21. Nxd6+ cxd6 22. Qh5 Rxa2 23. Kc2 Nd8 24. Kb1 Ra5 25. Qh8 g5 26. g4 fxg4
27. Qg8 e5 28. Qxg5 exd4 29. Qxg4+ Kc7 30. exd4 b5 31. Qg7+ Kc6 32. Qe7 Nb7 33.
g4 b4 34. cxb4 Ra4 35. Qe8+ 1-0

[Event "4NCL Online Division 5"]
[Site "online"]
[Date "2020.04.07"]
[Round "1.203"]
[White "Tathare, Rohan"]
[Black "Smith, Richard"]
[Result "0-1"]
[WhiteElo "1165"]
[BlackElo "1427"]
[PlyCount "76"]
[EventDate "2020.04.07"]
[WhiteTeam "Watford Juniors B"]
[BlackTeam "Uxbridge Knights"]

1. e4 c5 2. Nc3 e6 3. f4 Nc6 4. Bc4 a6 5. a3 b5 6. Ba2 Bb7 7. Nf3 g6 8. O-O Nd4
9. d3 Bg7 10. Be3 Ne7 11. Rc1 O-O 12. f5 exf5 13. exf5 Nxf3+ 14. gxf3 Nxf5 15.
Bxc5 Qg5+ 16. Kh1 Nh4 17. Rg1 Qxc5 18. Ne4 Qe7 19. Qf1 Kh8 20. Qh3 f5 21. Ng5
Bf6 22. Rce1 Qc5 23. Qxh4 Bxg5 24. Qxg5 Bxf3+ 25. Rg2 Bxg2+ 26. Qxg2 Rae8 27.
Rf1 Re7 28. c4 Rfe8 29. h3 Re2 30. Qf3 Rxb2 31. Bb1 bxc4 32. dxc4 Rbe2 33. Qc3+
Kg8 34. h4 Qc6+ 35. Rf3 Re1+ 36. Kg2 R8e2+ 37. Kg3 Qd6+ 38. Kh3 Rh2# 0-1

[Event "4NCL Online Division 5"]
[Site "online"]
[Date "2020.04.07"]
[Round "1.204"]
[White "Martellotta, Gabriele"]
[Black "Demyan, Leo"]
[Result "0-1"]
[WhiteElo "1390"]
[BlackElo "1165"]
[PlyCount "132"]
[EventDate "2020.04.07"]
[WhiteTeam "Uxbridge Knights"]
[BlackTeam "Watford Juniors B"]

1. c4 c5 2. d4 Nc6 3. Nf3 d6 4. Bf4 Be6 5. e3 Bf5 6. Nc3 g6 7. Be2 Bg7 8. O-O
Nf6 9. h3 h5 10. Ng5 Bh6 11. Bf3 Bxg5 12. Bxg5 Qd7 13. Nd5 Nxd5 14. Bxd5 Bxh3
15. gxh3 Qxh3 16. Bg2 Qf5 17. Bf4 g5 18. Bh2 g4 19. Qb1 Qg5 20. Qe4 Rd8 21.
Rad1 f5 22. Qf4 Qg6 23. dxc5 e5 24. Bxc6+ bxc6 25. Qg3 h4 26. Qg2 e4 27. Bxd6
Rd7 28. Qh2 g3 29. fxg3 Rdh7 30. Kf2 hxg3+ 31. Qxg3 Rh2+ 32. Qxh2 Rxh2+ 33.
Bxh2 Qf6 34. Rg1 Qxb2+ 35. Kg3 Qxa2 36. Ra1 Qxc4 37. Rxa7 Qxc5 38. Ra8+ Kd7 39.
Rd1+ Ke7 40. Kf4 Qc2 41. Ra7+ Ke6 42. Rdd7 Qxh2+ 43. Kg5 Qg3+ 44. Kh5 Qxe3 45.
Re7+ Kd5 46. Rad7+ Kc4 47. Rc7 c5 48. Kg6 f4 49. Kf5 Qf3 50. Rxe4+ Kd3 51. Rxf4
Qd5+ 52. Kg4 Qe6+ 53. Kg3 Qe1+ 54. Kg4 Qe2+ 55. Rf3+ Kc4 56. Rcf7 Qe6+ 57. Kg3
Qc6 58. R7f4+ Kb5 59. Rb3+ Ka5 60. Ra3+ Kb5 61. Rb3+ Ka5 62. Ra3+ Kb6 63. Rb3+
Kc7 64. Rf7+ Kc8 65. Rg7 Qd6+ 66. Kh4 Qh6+ 0-1

[Event "4NCL Online Division 5"]
[Site "online"]
[Date "2020.04.07"]
[Round "1.211"]
[White "Ray, Hiya"]
[Black "Liu, Jason"]
[Result "1-0"]
[WhiteElo "1586"]
[BlackElo "1000"]
[PlyCount "31"]
[EventDate "2020.04.07"]
[WhiteTeam "Wirral League Wanderers"]
[BlackTeam "BBC Penguins"]

1. d4 Nf6 2. c4 e6 3. Nf3 c5 4. d5 b5 5. dxe6 fxe6 6. cxb5 d5 7. Nc3 Bd6 8. e4
Nxe4 9. Nxe4 dxe4 10. Ng5 Bb7 11. Nxe6 Qe7 12. Bc4 Be5 13. Qh5+ g6 14. Qxe5 Rg8
15. Nc7+ Kd8 16. Bg5 1-0

[Event "4NCL Online Division 5"]
[Site "online"]
[Date "2020.04.07"]
[Round "1.212"]
[White "Liu, Benjamin"]
[Black "Sainbayar, Anuurai"]
[Result "0-1"]
[WhiteElo "700"]
[BlackElo "1584"]
[PlyCount "70"]
[EventDate "2020.04.07"]
[WhiteTeam "BBC Penguins"]
[BlackTeam "Wirral League Wanderers"]

1. d4 b5 2. e4 Bb7 3. Bxb5 Bxe4 4. Nc3 Bxg2 5. Nge2 Bxh1 6. Ng3 Bb7 7. Bf4 e6
8. d5 Bc5 9. dxe6 Nf6 10. exf7+ Kxf7 11. Bg5 Re8+ 12. Kf1 Na6 13. Bxa6 Bxa6+
14. Kg1 d6 15. Nd5 Re6 16. Bxf6 gxf6 17. Qh5+ Kf8 18. Nf5 Re5 19. Nf4 Qd7 20.
Qh6+ Kg8 21. Ng3 Qg7 22. Qxg7+ Kxg7 23. Ngh5+ Kf7 24. Ng3 Rg8 25. Kg2 h5 26. h4
Rg4 27. Kf3 Bb7+ 28. Ne4 Rxe4 29. Rd1 Rexf4+ 30. Ke2 Rxf2+ 31. Kd3 Be4+ 32. Kc3
Rxc2+ 33. Kb3 Rg3+ 34. Ka4 Rxb2 35. Ka5 Ra3# 0-1

[Event "4NCL Online Division 5"]
[Site "online"]
[Date "2020.04.07"]
[Round "1.213"]
[White "Smith, Jonathan"]
[Black "Bell, Euan"]
[Result "1-0"]
[WhiteElo "1390"]
[BlackElo "700"]
[PlyCount "51"]
[EventDate "2020.04.07"]
[WhiteTeam "Wirral League Wanderers"]
[BlackTeam "BBC Penguins"]

1. d4 g6 2. c4 Nf6 3. Nf3 e6 4. Nc3 Bb4 5. Bd2 O-O 6. a3 Be7 7. e3 Nc6 8. Be2
a6 9. O-O Na7 10. Re1 b5 11. cxb5 axb5 12. Nxb5 Ba6 13. Nxa7 Rxa7 14. Bxa6 Rxa6
15. Rc1 Bd6 16. e4 Ng4 17. h3 Nh6 18. Bxh6 Re8 19. Bg5 Be7 20. Bxe7 Qxe7 21.
Rxc7 Rd6 22. d5 exd5 23. exd5 Rxd5 24. Qxd5 Qd8 25. Rxd7 Qb8 26. Qxf7+ 1-0

[Event "4NCL Online Division 5"]
[Site "online"]
[Date "2020.04.07"]
[Round "1.214"]
[White "Florczak, Adam"]
[Black "Campbell, Graeme"]
[Result "0-1"]
[WhiteElo "700"]
[BlackElo "1015"]
[PlyCount "90"]
[EventDate "2020.04.07"]
[WhiteTeam "BBC Penguins"]
[BlackTeam "Wirral League Wanderers"]

1. e4 e5 2. Nf3 d6 3. Bc4 h6 4. Nc3 Nf6 5. d3 c6 6. O-O Bg4 7. Nxe5 Bxd1 8.
Bxf7+ Ke7 9. d4 dxe5 10. Rxd1 Kxf7 11. b3 Nbd7 12. d5 cxd5 13. exd5 Rc8 14. Rd3
Bb4 15. Bb2 Re8 16. d6 Bxc3 17. Bxc3 Ne4 18. Be1 Kg8 19. Rad1 Rf8 20. f3 Ng5
21. Bd2 Nf7 22. Be3 b6 23. c4 Qf6 24. c5 bxc5 25. b4 cxb4 26. Bxa7 Rc6 27. Bb8
Rxb8 28. a4 Nxd6 29. a5 Nc5 30. Rd5 b3 31. Rb1 Nc4 32. g4 Nxa5 33. Rdd1 b2 34.
Rd2 Nc4 35. Rc2 Nd3 36. Rc3 Nf4 37. Rc2 Qg6 38. Rf2 Qxb1+ 39. Rf1 Qd3 40. h4
b1=Q 41. Rxb1 Rxb1+ 42. Kh2 Qf1 43. Kg3 Rb3 44. h5 Qxf3+ 45. Kh4 Qh3# 0-1

[Event "4NCL Online Division 5"]
[Site "online"]
[Date "2020.04.07"]
[Round "1.221"]
[White "Adiraju, Sumukh"]
[Black "Porter, Andrew"]
[Result "0-1"]
[WhiteElo "700"]
[BlackElo "1675"]
[PlyCount "130"]
[EventDate "2020.04.07"]
[WhiteTeam "BBC Foxes"]
[BlackTeam "Bristol University B"]

1. e4 c5 2. Nc3 e6 3. Nf3 Nc6 4. Bb5 Qc7 5. Bxc6 bxc6 6. d4 cxd4 7. Nxd4 Nf6 8.
Nde2 Bb4 9. Bf4 e5 10. Bd2 d5 11. exd5 cxd5 12. Nxd5 Nxd5 13. Bxb4 Nxb4 14. c3
Nc6 15. b4 O-O 16. O-O Rd8 17. Qb3 Be6 18. Qb2 Rd7 19. f3 Rad8 20. Rfe1 Rd2 21.
Qc1 Bc4 22. Ng3 Qb6+ 23. Kh1 Qf2 24. Rg1 Bd5 25. c4 Bxf3 26. Qf1 Bg4 27. Qxf2
Rxf2 28. b5 Na5 29. c5 Rc2 30. c6 Rdd2 31. Ne4 Re2 32. Ng3 Red2 33. Ne4 Rd4 34.
Ng3 Kf8 35. Rae1 f6 36. a3 Nc4 37. a4 Nd2 38. h3 Bc8 39. Ne2 Rxa4 40. Nc1 Rb4
41. Na2 Rxa2 42. Rd1 Ke7 43. Rge1 Ne4 44. Ra1 Nf2+ 45. Kg1 Rbb2 46. Rxa2 Rxa2
47. Rf1 Ne4 48. Rb1 Nc3 49. Rb4 Ra1+ 50. Kh2 Rb1 51. Rxb1 Nxb1 52. b6 axb6 53.
c7 b5 54. g4 b4 55. g5 Nc3 56. gxf6+ gxf6 57. h4 b3 58. h5 b2 59. h6 b1=Q 60.
Kg3 Qd3+ 61. Kf2 Nd1+ 62. Ke1 Nc3 63. Kf2 Qe2+ 64. Kg3 Ne4+ 65. Kh4 Qg4# 0-1

[Event "4NCL Online Division 5"]
[Site "online"]
[Date "2020.04.07"]
[Round "1.222"]
[White "Jina, Asha"]
[Black "Tran, Le Gia Khuong"]
[Result "1-0"]
[WhiteElo "1600"]
[BlackElo "700"]
[PlyCount "27"]
[EventDate "2020.04.07"]
[WhiteTeam "Bristol University B"]
[BlackTeam "BBC Foxes"]

1. e4 Nf6 2. e5 Nd5 3. d4 d6 4. c4 Nb6 5. exd6 cxd6 6. Nc3 Be6 7. d5 Bd7 8. Nf3
g6 9. Be3 Nc8 10. Qd2 Bg7 11. Bh6 O-O 12. O-O-O Bxc3 13. Qxc3 Re8 14. Qg7# 1-0

[Event "4NCL Online Division 5"]
[Site "online"]
[Date "2020.04.07"]
[Round "1.223"]
[White "Panunzio, Jacopo"]
[Black "Skalski, Sebastian"]
[Result "0-1"]
[WhiteElo "700"]
[BlackElo "1450"]
[PlyCount "50"]
[EventDate "2020.04.07"]
[WhiteTeam "BBC Foxes"]
[BlackTeam "Bristol University B"]

1. e4 e6 2. d4 d5 3. exd5 exd5 4. Nc3 Nf6 5. Nf3 Bd6 6. Qe2+ Be6 7. Ng5 O-O 8.
Nxe6 fxe6 9. Qxe6+ Kh8 10. Qe2 Nc6 11. Bg5 Nxd4 12. Qd3 Qe8+ 13. Ne2 Nxe2 14.
Bxe2 Ne4 15. Qxd5 Nxg5 16. Qxg5 Qe4 17. Qe3 Qxc2 18. Rc1 Qxb2 19. Qd2 Bb4 20.
Rc2 Bxd2+ 21. Kxd2 Rad8+ 22. Bd3 Rxf2+ 23. Kd1 Qb1+ 24. Rc1 Qxd3+ 25. Ke1 Qe2#
0-1

[Event "4NCL Online Division 5"]
[Site "online"]
[Date "2020.04.07"]
[Round "1.224"]
[White "Tsoukis, Marios"]
[Black "Wang, Mark"]
[Result "1-0"]
[WhiteElo "1120"]
[BlackElo "700"]
[PlyCount "59"]
[EventDate "2020.04.07"]
[WhiteTeam "Bristol University B"]
[BlackTeam "BBC Foxes"]

1. e4 Nf6 2. e5 Ng4 3. d4 Nh6 4. Bxh6 gxh6 5. Nf3 f6 6. Nc3 fxe5 7. dxe5 Bg7 8.
Bc4 d5 9. Bxd5 c6 10. Bf7+ Kxf7 11. e6+ Ke8 12. Qe2 Bxc3+ 13. bxc3 Qa5 14. O-O
Qxc3 15. Rfe1 Qc4 16. Qe5 Qxe6 17. Qxh8+ Kd7 18. Rxe6 Kxe6 19. Qxc8+ Kd6 20.
Rd1+ Kc5 21. Qxb7 Na6 22. Qxa8 Nb4 23. Qxa7+ Kb5 24. Nd4+ Kc4 25. Qa4 Kc5 26.
c3 e5 27. cxb4+ Kb6 28. Qxc6+ Ka7 29. Nb5+ Kb8 30. Rd8# 1-0

[Event "4NCL Online Division 5"]
[Site "online"]
[Date "2020.06.09"]
[Round "10.11"]
[White "Borman, Philip"]
[Black "Bensoussane, Riyad"]
[Result "1-0"]
[WhiteElo "2190"]
[BlackElo "1720"]
[PlyCount "85"]
[EventDate "2020.06.09"]
[WhiteTeam "Hertford"]
[BlackTeam "Temple Sutton"]

1. d4 d5 2. Bf4 Bf5 3. e3 e6 4. Nf3 Nf6 5. Ne5 Nbd7 6. g4 Bg6 7. h4 Bb4+ 8. c3
Be7 9. Nd2 Nxe5 10. dxe5 Ne4 11. h5 Bh4 12. Rh2 Nxf2 13. Rxf2 Bxf2+ 14. Kxf2
Be4 15. Nxe4 dxe4 16. Qxd8+ Rxd8 17. Ke2 Rd7 18. Bg2 Ke7 19. Rd1 Rxd1 20. Kxd1
h6 21. Bxe4 c6 22. Ke2 Kd7 23. Bg3 Rc8 24. Kd3 Ke8 25. Bh4 Rc7 26. c4 Rd7+ 27.
Kc2 Rc7 28. b4 Kd7 29. a4 Ke8 30. Kc3 Kd7 31. b5 cxb5 32. axb5 Kc8 33. Be1 Rd7
34. Kc2 Rc7 35. Kb3 Rd7 36. Bc2 Kc7 37. Bb4 Rd8 38. Bd6+ Kd7 39. c5 Rc8 40. Be4
b6 41. c6+ Ke8 42. c7 f6 43. Bb7 1-0

[Event "4NCL Online Division 5"]
[Site "online"]
[Date "2020.06.09"]
[Round "10.12"]
[White "Modhura, Urbi"]
[Black "Cheal, Barry A"]
[Result "1/2-1/2"]
[WhiteElo "1682"]
[BlackElo "2193"]
[PlyCount "36"]
[EventDate "2020.06.09"]
[WhiteTeam "Temple Sutton"]
[BlackTeam "Hertford"]

1. e4 g6 2. d4 Bg7 3. Nf3 d6 4. c3 Nf6 5. Bd3 c6 6. Bf4 Bg4 7. h3 Bxf3 8. Qxf3
Nbd7 9. Qe3 Qb6 10. b3 e5 11. dxe5 Qxe3+ 12. Bxe3 Nxe5 13. Bc2 O-O 14. O-O Rfe8
15. Nd2 b5 16. a4 a6 17. axb5 axb5 18. f3 Ned7 1/2-1/2

[Event "4NCL Online Division 5"]
[Site "online"]
[Date "2020.06.09"]
[Round "10.13"]
[White "Buswell, A Mark"]
[Black "Audhora, Purba"]
[Result "0-1"]
[WhiteElo "1810"]
[BlackElo "1577"]
[PlyCount "74"]
[EventDate "2020.06.09"]
[WhiteTeam "Hertford"]
[BlackTeam "Temple Sutton"]

1. d4 Nf6 2. c4 e6 3. Nc3 d5 4. cxd5 exd5 5. Bg5 Be6 6. e3 h6 7. Bh4 Nbd7 8.
Bd3 Be7 9. Nge2 O-O 10. h3 c6 11. g4 Nh7 12. Bxe7 Qxe7 13. Nf4 Ndf6 14. Qc2 b5
15. O-O-O Rfc8 16. Nxe6 Qxe6 17. Bf5 Qd6 18. Bxc8 Rxc8 19. Nxb5 Qb8 20. Nc3 c5
21. Kb1 cxd4 22. exd4 Ne4 23. Ka1 Nhf6 24. f3 Nd6 25. h4 Nd7 26. Qb3 Nb6 27.
Nxd5 Nxd5 28. Qxd5 Nc4 29. b3 Ne3 30. Qe4 Nxd1 31. Rxd1 Qh2 32. Kb1 Qxh4 33. d5
Qd8 34. d6 Qd7 35. f4 Qxg4 36. d7 Qxd1+ 37. Kb2 Qc1# 0-1

[Event "4NCL Online Division 5"]
[Site "online"]
[Date "2020.06.09"]
[Round "10.14"]
[White "Pool, Melvin R"]
[Black "Judkins, Brian D"]
[Result "0-1"]
[WhiteElo "1585"]
[BlackElo "1697"]
[PlyCount "108"]
[EventDate "2020.06.09"]
[WhiteTeam "Temple Sutton"]
[BlackTeam "Hertford"]

1. e4 e5 2. Nf3 Nf6 3. Nxe5 d6 4. Nxf7 Kxf7 5. d4 c5 6. dxc5 Qa5+ 7. Nc3 Qxc5
8. Be3 Qc7 9. Nb5 Qe7 10. Bc4+ Ke8 11. f3 a6 12. Nc3 Be6 13. Bxe6 Qxe6 14. O-O
Be7 15. Re1 Kf7 16. Bg5 h6 17. Bxf6 Bxf6 18. Nd5 Rc8 19. Nb6 Nc6 20. Nxa8 Rxa8
21. Qd5 Qxd5 22. exd5 Nb4 23. c3 Nc2 24. Rac1 Nxe1 25. Rxe1 Re8 26. Rxe8 Kxe8
27. Kf2 Kd7 28. Ke2 Be5 29. Kf2 Kc7 30. h3 Kb6 31. Ke2 Kc5 32. Kd3 Kxd5 33. c4+
Kc5 34. b3 d5 35. b4+ Kxb4 36. cxd5 Kc5 37. Ke4 Kd6 38. f4 Bf6 39. f5 b5 40. g4
a5 41. Kd3 Kxd5 42. Kc2 Kc4 43. Kb1 b4 44. Kc2 a4 45. Kb1 b3 46. axb3+ Kxb3 47.
Kc1 a3 48. h4 a2 49. g5 a1=Q+ 50. Kd2 hxg5 51. hxg5 Bxg5+ 52. Ke2 Qc3 53. f6
Qe3+ 54. Kd1 Qd2# 0-1

[Event "4NCL Online Division 5"]
[Site "online"]
[Date "2020.06.09"]
[Round "10.21"]
[White "Lawson, David"]
[Black "Ellis, Aidan B"]
[Result "0-1"]
[WhiteElo "1765"]
[BlackElo "1967"]
[PlyCount "92"]
[EventDate "2020.06.09"]
[WhiteTeam "CSC 5"]
[BlackTeam "St Albans 2"]

1. d4 d5 2. c4 e6 3. Nc3 c6 4. Nf3 Nf6 5. Bg5 dxc4 6. e4 b5 7. e5 h6 8. Bh4 g5
9. Nxg5 hxg5 10. Bxg5 Nbd7 11. Qf3 Bb7 12. Bxf6 Nxf6 13. Qxf6 Qxf6 14. exf6
O-O-O 15. O-O-O Rh4 16. g3 Rhxd4 17. Rxd4 Rxd4 18. Bg2 b4 19. Ne2 Rg4 20. Rd1
Rg6 21. Nd4 Rxf6 22. f4 Rh6 23. Rh1 Bg7 24. Nf3 c5 25. Nh4 Bxg2 26. Nxg2 Bd4
27. Kc2 Bf2 28. Nh4 Kc7 29. Rf1 Bd4 30. Nf3 Kd6 31. Rd1 Kd5 32. Re1 f6 33. Re2
a5 34. b3 c3 35. g4 Rh3 36. Nxd4 cxd4 37. Kc1 d3 38. Rg2 Rf3 39. Rg1 Rf2 40. g5
fxg5 41. fxg5 Rxa2 42. Kb1 Rxh2 43. g6 Rh8 44. Rg4 Rh1+ 45. Ka2 d2 46. g7 Ra1+
0-1

[Event "4NCL Online Division 5"]
[Site "online"]
[Date "2020.06.09"]
[Round "10.22"]
[White "Collopy, Robert"]
[Black "McGettigan, Andrew"]
[Result "1/2-1/2"]
[WhiteElo "2012"]
[BlackElo "1723"]
[PlyCount "67"]
[EventDate "2020.06.09"]
[WhiteTeam "St Albans 2"]
[BlackTeam "CSC 5"]

1. d4 d5 2. c4 dxc4 3. e4 e5 4. Nf3 exd4 5. Bxc4 Nc6 6. O-O Be6 7. Bb5 Bc5 8.
b4 Bb6 9. a4 a6 10. Bxc6+ bxc6 11. a5 Ba7 12. Bb2 Nf6 13. Bxd4 Nxe4 14. Bxa7
Qxd1 15. Rxd1 Rxa7 16. Nd4 c5 17. Nxe6 fxe6 18. Re1 Nf6 19. bxc5 Kf7 20. Nd2
Rd8 21. Nf3 Rd5 22. Ne5+ Kf8 23. g4 Rb7 24. Ra3 Rb5 25. g5 Rbxc5 26. Rae3 Nd7
27. Nf3 e5 28. Nh4 g6 29. f4 Rc4 30. Ng2 e4 31. Rxe4 Rxe4 32. Rxe4 Rxa5 33. Rd4
Ke7 34. Ne3 1/2-1/2

[Event "4NCL Online Division 5"]
[Site "online"]
[Date "2020.06.09"]
[Round "10.23"]
[White "Usher, Michael E"]
[Black "Gemmell, John"]
[Result "0-1"]
[WhiteElo "1677"]
[BlackElo "1930"]
[PlyCount "96"]
[EventDate "2020.06.09"]
[WhiteTeam "CSC 5"]
[BlackTeam "St Albans 2"]

1. d4 Nf6 2. Nc3 d5 3. Bf4 c6 4. e3 Bf5 5. Nf3 e6 6. a3 Be7 7. Ne5 Nbd7 8. f3
h6 9. Bd3 Bxd3 10. Qxd3 Nh5 11. O-O O-O 12. Ne2 Nxf4 13. Nxf4 Nxe5 14. dxe5 Qb6
15. Kh1 Qxb2 16. Rab1 Qxe5 17. Rxb7 Bc5 18. Rb3 Rab8 19. Rc3 Bd6 20. g3 Rb6 21.
Ne2 Rfb8 22. Nd4 c5 23. Ne2 Rb1 24. Rxb1 Rxb1+ 25. Kg2 c4 26. Qd4 Qxd4 27. Nxd4
Be5 28. f4 Bxd4 29. exd4 Rd1 30. h3 Rxd4 31. Kf3 Re4 32. Kf2 Kf8 33. a4 Ke7 34.
a5 Kd6 35. Ra3 Kc5 36. c3 f6 37. Ra1 Kb5 38. Kf3 f5 39. Kf2 d4 40. cxd4 Rxd4
41. Ke3 Rd6 42. Rc1 Kb4 43. Ke2 c3 44. Rc2 Rd2+ 45. Rxd2 cxd2 46. Kxd2 Kxa5 47.
h4 Kb4 48. Kc2 Kc4 0-1

[Event "4NCL Online Division 5"]
[Site "online"]
[Date "2020.06.09"]
[Round "10.24"]
[White "Millar, Stephen"]
[Black "Khoury, Theo"]
[Result "1-0"]
[WhiteElo "1817"]
[BlackElo "1465"]
[PlyCount "69"]
[EventDate "2020.06.09"]
[WhiteTeam "St Albans 2"]
[BlackTeam "CSC 5"]

1. e4 c5 2. Nf3 d6 3. d4 cxd4 4. Nxd4 Nf6 5. Nc3 a6 6. Be3 e5 7. Nb3 Be7 8. f3
Be6 9. Qd2 h5 10. Be2 Nbd7 11. h3 b5 12. O-O-O Nb6 13. f4 b4 14. fxe5 bxc3 15.
Qxc3 Rc8 16. Qb4 Nfd7 17. exd6 Bg5 18. Qd2 Bxe3 19. Qxe3 Nc4 20. Bxc4 Bxc4 21.
Nd4 Qb6 22. Qg3 g6 23. b3 Bb5 24. e5 h4 25. Qg5 Qd8 26. Qg4 Nxe5 27. Rhe1 Rh5
28. Qf4 Rc5 29. Nxb5 axb5 30. b4 Rf5 31. Qd4 Qg5+ 32. Kb1 Rc4 33. d7+ Kd8 34.
Qb6+ Rc7 35. Qb8+ 1-0

[Event "4NCL Online Division 5"]
[Site "online"]
[Date "2020.06.09"]
[Round "10.31"]
[White "Beckett, Phill"]
[Black "Yogit, S."]
[Result "0-1"]
[WhiteElo "1720"]
[BlackElo "2084"]
[PlyCount "74"]
[EventDate "2020.06.09"]
[WhiteTeam "Wirral League Wanderers"]
[BlackTeam "Uxbridge Knights 1"]

1. e4 c5 2. Nf3 Nc6 3. d4 cxd4 4. Nxd4 g6 5. Nc3 Bg7 6. Be3 Nf6 7. f3 O-O 8.
Qd2 d5 9. Nxc6 bxc6 10. O-O-O Be6 11. exd5 Nxd5 12. Nxd5 Bxd5 13. c4 Be6 14.
Qxd8 Rfxd8 15. Rxd8+ Rxd8 16. Be2 Bd4 17. Bxd4 Rxd4 18. b3 Kg7 19. Rd1 Rxd1+
20. Kxd1 Kf6 21. Kd2 Ke5 22. Kc3 c5 23. a3 Bd7 24. b4 Kd6 25. b5 Kc7 26. f4 f6
27. g3 Kb6 28. Bf3 e5 29. fxe5 fxe5 30. g4 Ka5 31. h3 Be6 32. Be4 Ka4 33. Bd5
Bxd5 34. cxd5 Kxb5 35. a4+ Kb6 36. Kc4 e4 37. a5+ Kc7 0-1

[Event "4NCL Online Division 5"]
[Site "online"]
[Date "2020.06.09"]
[Round "10.32"]
[White "Hughes, Colin"]
[Black "Bailey, Adrian"]
[Result "1-0"]
[WhiteElo "1847"]
[BlackElo "1772"]
[PlyCount "81"]
[EventDate "2020.06.09"]
[WhiteTeam "Uxbridge Knights 1"]
[BlackTeam "Wirral League Wanderers"]

1. e4 c5 2. Be2 Nc6 3. d3 Nf6 4. c3 d5 5. Qc2 e5 6. Nf3 Be7 7. O-O O-O 8. Bg5
Be6 9. Nbd2 d4 10. Rad1 Rc8 11. a3 Ng4 12. Bxe7 Qxe7 13. h3 Nf6 14. Ng5 h6 15.
Nxe6 Qxe6 16. f4 Qe7 17. c4 exf4 18. Rxf4 Nh5 19. Bxh5 Qg5 20. Rf5 Qe3+ 21. Kh1
g6 22. Nf1 gxf5 23. Nxe3 dxe3 24. exf5 Nd4 25. Qa4 Nxf5 26. Bf3 e2 27. Re1 Nd4
28. Qxa7 Rfe8 29. b4 Re3 30. Qxb7 Rce8 31. bxc5 Nxf3 32. gxf3 Rxd3 33. c6 Rd1
34. Qb4 Rc8 35. Kg2 Rxc6 36. Rxe2 Rg6+ 37. Kf2 Rdg1 38. Re4 R6g2+ 39. Ke3 Ra1
40. Rg4+ Rxg4 41. hxg4 1-0

[Event "4NCL Online Division 5"]
[Site "online"]
[Date "2020.06.09"]
[Round "10.33"]
[White "Fisher, Peter S"]
[Black "Colter, Nigel"]
[Result "1/2-1/2"]
[WhiteElo "1750"]
[BlackElo "1780"]
[PlyCount "69"]
[EventDate "2020.06.09"]
[WhiteTeam "Wirral League Wanderers"]
[BlackTeam "Uxbridge Knights 1"]

1. e4 e6 2. d4 d5 3. Nd2 dxe4 4. Nxe4 Nd7 5. Nf3 Ngf6 6. Bd3 Nxe4 7. Bxe4 Nf6
8. Bd3 c5 9. c3 cxd4 10. Nxd4 Bc5 11. Bb5+ Bd7 12. Bxd7+ Qxd7 13. O-O Bxd4 14.
cxd4 O-O 15. Be3 Qb5 16. b3 Rac8 17. Rc1 Nd5 18. Bd2 Qd3 19. Ba5 Qxd1 20. Rfxd1
Nf4 21. Kf1 Nd5 22. Rc4 b6 23. Bd2 Rcd8 24. Rdc1 Rd7 25. Rc8 Rfd8 26. Ke2 Kf8
27. g3 Ke8 28. R1c6 Rxc8 29. Rxc8+ Rd8 30. Rc6 Kd7 31. Rc2 Rc8 32. Kd3 Rxc2 33.
Kxc2 b5 34. a3 Kc6 35. Ba5 1/2-1/2

[Event "4NCL Online Division 5"]
[Site "online"]
[Date "2020.06.09"]
[Round "10.34"]
[White "Price, Michael C"]
[Black "Ray, Hiya"]
[Result "0-1"]
[WhiteElo "1747"]
[BlackElo "1586"]
[PlyCount "66"]
[EventDate "2020.06.09"]
[WhiteTeam "Uxbridge Knights 1"]
[BlackTeam "Wirral League Wanderers"]

1. e4 c5 2. Nf3 d6 3. d4 cxd4 4. Nxd4 Nf6 5. Nc3 g6 6. Be3 Bg7 7. Be2 Nc6 8.
O-O O-O 9. f4 Qb6 10. Qd2 Nxe4 11. Nxe4 Bxd4 12. Bxd4 Nxd4 13. Kh1 Nxe2 14.
Qxe2 Qxb2 15. Rfb1 Qg7 16. a4 Bf5 17. Ng3 Be6 18. Ra3 b6 19. f5 gxf5 20. Nh5
Qd4 21. Rd1 Qb4 22. Rh3 Rac8 23. Nf6+ exf6 24. Qh5 Rfd8 25. Qh6 Rc4 26. Qxf6
Rdc8 27. Qg5+ Kf8 28. Rxh7 Qb2 29. Qh6+ Ke7 30. Re1 Re4 31. Rd1 Qxc2 32. Qg5+
Kd7 33. Rf1 Rg4 0-1

[Event "4NCL Online Division 5"]
[Site "online"]
[Date "2020.06.09"]
[Round "10.41"]
[White "Nolan, Conor"]
[Black "Pincheira Sarmiento, Bernardo"]
[Result "1-0"]
[WhiteElo "1884"]
[BlackElo "1795"]
[PlyCount "113"]
[EventDate "2020.06.09"]
[WhiteTeam "Gonzaga D"]
[BlackTeam "Nottingham University 2"]

1. d4 d5 2. Nf3 Nf6 3. c4 e6 4. Nc3 Be7 5. Bf4 c6 6. e3 O-O 7. Be2 dxc4 8. Bxc4
b5 9. Bd3 Bb7 10. O-O Nbd7 11. Rc1 a6 12. Ne5 Rc8 13. Qf3 Ba8 14. Qg3 g6 15.
Ne4 Nh5 16. Qf3 Nxf4 17. Qxf4 f5 18. Nxd7 Qxd7 19. Nc5 Bxc5 20. Rxc5 Qc7 21.
Qxc7 Rxc7 22. Rfc1 Rd7 23. f4 Kg7 24. Be2 Rc7 25. Bf3 Rfc8 26. Kf1 Kf6 27. Ke2
h6 28. Kf2 g5 29. g3 g4 30. Be2 h5 31. Bf1 Ke7 32. Bg2 Kd6 33. e4 Rf8 34. Ke3
Bb7 35. e5+ Kd7 36. d5 exd5 37. Bxd5 Rfc8 38. Bg2 Ke6 39. Rd1 Rd7 40. Rxd7 Kxd7
41. Rc2 Kc7 42. Rd2 Rd8 43. Rxd8 Kxd8 44. Kd4 Kc7 45. Kc5 a5 46. a3 Ba8 47. b4
axb4 48. axb4 Bb7 49. Bh1 Ba8 50. e6 Bb7 51. e7 Kd7 52. e8=Q+ Kxe8 53. Bxc6+
Bxc6 54. Kxc6 Kd8 55. Kxb5 Kc7 56. Kc5 Kb7 57. Kd5 1-0

[Event "4NCL Online Division 5"]
[Site "online"]
[Date "2020.06.09"]
[Round "10.42"]
[White "Dabner, Tom"]
[Black "O'neill, Sam"]
[Result "1/2-1/2"]
[WhiteElo "1690"]
[BlackElo "1889"]
[PlyCount "77"]
[EventDate "2020.06.09"]
[WhiteTeam "Nottingham University 2"]
[BlackTeam "Gonzaga D"]

1. e4 e5 2. Nc3 Nc6 3. f4 d6 4. Nf3 Bg4 5. Bc4 Be7 6. O-O Nf6 7. fxe5 dxe5 8.
d3 Nd4 9. Bxf7+ Kf8 10. Bb3 Nxf3+ 11. Rxf3 Bc5+ 12. Kh1 Bxf3 13. Qxf3 Qd4 14.
Bg5 Be7 15. Bxf6 Bxf6 16. Nd5 Ke8 17. Nxc7+ Kd7 18. Nxa8 Rxa8 19. Qf5+ Kc7 20.
Bd5 Qxb2 21. Rf1 Qxc2 22. Bb3 Qxd3 23. Rc1+ Kb6 24. Qe6+ Ka5 25. Rd1 Qxe4 26.
Rd5+ b5 27. Rd1 Rd8 28. Rg1 Qd4 29. Qc6 Qb6 30. Qc3+ Ka6 31. Rb1 e4 32. Qc2 e3
33. a4 Rd2 34. axb5+ Qxb5 35. Qc8+ Ka5 36. Qc7+ Qb6 37. Qc4 Qb4 38. Qc7+ Qb6
39. Qc4 1/2-1/2